[Event "Hannover Bezirks-ch A"]
[Site "Lehrte"]
[Date "2019.10.04"]
[Round "3.12"]
[White "Koepp, Jan"]
[Black "Wittur, Helge"]
[Result "0-1"]
[WhiteElo "1775"]
[BlackElo "1833"]
[PlyCount "50"]
[EventDate "2019.10.03"]
[EventType "swiss"]
[EventRounds "7"]
[EventCountry "GER"]
[SourceTitle "EXT 2023"]
[Source "ChessBase"]
[SourceDate "2022.10.05"]
[SourceVersion "1"]
[SourceVersionDate "2022.10.05"]
[SourceQuality "1"]

1. e4 c5 2. Nf3 e6 3. b3 Nf6 4. Bd3 Nc6 5. 0-0 Be7 6. Re1 d6 7. Bb2 e5 8. h3 0-0 9. c3 Nh5 10. Bf1 Nf4 11. d4 Qc7 12. Na3 f5 13. dxe5 dxe5 14. exf5 Bxf5 15. Nb5 Qb8 16. c4 e4 17. Nd2 Rd8 18. Qc1 a6 19. Nc3 Bg5 20. Ncb1 Nd4 21. Kh1 Nfe6 22. Bc3 Qf4 23. Qb2 Qxf2 24. Nxe4 Qxb2 25. Bxb2 Nc2 0-1

[Event "Hannover Bezirks-ch A"]
[Site "Lehrte"]
[Date "2019.10.03"]
[Round "1.12"]
[White "Koepp, Jan"]
[Black "Kiesel, Lucas"]
[Result "1/2-1/2"]
[WhiteElo "1775"]
[BlackElo "1993"]
[PlyCount "106"]
[EventDate "2019.10.03"]
[EventType "swiss"]
[EventRounds "7"]
[EventCountry "GER"]
[SourceTitle "EXT 2023"]
[Source "ChessBase"]
[SourceDate "2022.10.05"]
[SourceVersion "1"]
[SourceVersionDate "2022.10.05"]
[SourceQuality "1"]

1. e4 e5 2. Nf3 Nf6 3. Nc3 Bb4 4. Bc4 0-0 5. 0-0 Nc6 6. Re1 d6 7. h3 Be6 8. Bxe6 fxe6 9. d4 exd4 10. Nxd4 Nxd4 11. Qxd4 Bc5 12. Qc4 Qe7 13. Be3 Nd7 14. Bxc5 Nxc5 15. Re2 Kh8 16. Rd1 e5 17. Red2 Qf7 18. Qe2 Qg6 19. f3 Ne6 20. Kh1 Nf4 21. Qe1 Qg5 22. Nd5 Rf7 23. Nxf4 Qxf4 24. c4 b6 25. b4 h6 26. c5 a5 27. cxd6 cxd6 28. b5 Rc8 29. Rxd6 Rc2 30. R1d2 Rfc7 31. Rxc2 Rxc2 32. a4 Qg5 33. Qf1 Qg3 34. Rd1 Ra2 35. Ra1 Rd2 36. Re1 Ra2 37. Ra1 Rf2 38. Qg1 h5 39. Qh2 h4 40. Qg1 Kg8 41. Rf1 Re2 42. Rd1 g6 43. Ra1 Kh7 44. Qf1 Rf2 45. Qg1 Kh6 46. Rf1 Re2 47. Ra1 Kg5 48. Qc1+ Kh5 49. Qf1 Rd2 50. Qg1 Re2 51. Qf1 Rf2 52. Qg1 Rc2 53. Rc1 Rf2 1/2-1/2

[Event "Hannover Bezirk-ch B"]
[Site "Lehrte"]
[Date "2017.10.30"]
[Round "5.9"]
[White "Braun, Alexander"]
[Black "Koepp, Jan"]
[Result "1-0"]
[WhiteElo "1754"]
[BlackElo "1690"]
[PlyCount "35"]
[EventDate "2017.10.28"]
[EventType "swiss"]
[EventRounds "7"]
[EventCountry "GER"]
[SourceTitle "EXT 2022"]
[Source "ChessBase"]
[SourceDate "2021.10.06"]
[SourceVersion "1"]
[SourceVersionDate "2021.10.06"]
[SourceQuality "1"]

1. e4 c5 2. Nc3 Nc6 3. f4 e6 4. Nf3 Nge7 5. g3 d5 6. Bg2 d4 7. Nb1 f6 8. d3 Bd7 9. Nbd2 e5 10. 0-0 Bg4 11. h3 Bh5 12. g4 Bf7 13. fxe5 Nxe5 14. Nxe5 fxe5 15. Nf3 Nc6 16. Ng5 Bg8 17. Qf3 Qd7 18. Qxf8# 1-0

[Event "Hannover Bezirk-ch B"]
[Site "Lehrte"]
[Date "2017.10.28"]
[Round "2.12"]
[White "Bulmahn, Aaron Aime"]
[Black "Koepp, Jan"]
[Result "1-0"]
[WhiteElo "1645"]
[BlackElo "1690"]
[PlyCount "85"]
[EventDate "2017.10.28"]
[EventType "swiss"]
[EventRounds "7"]
[EventCountry "GER"]
[SourceTitle "EXT 2022"]
[Source "ChessBase"]
[SourceDate "2021.10.06"]
[SourceVersion "1"]
[SourceVersionDate "2021.10.06"]
[SourceQuality "1"]

1. e4 c5 2. Bc4 Nc6 3. c3 Nf6 4. d3 g6 5. Nf3 Bg7 6. Be3 d6 7. h3 0-0 8. 0-0 b6 9. Bb3 Bb7 10. c4 Nd7 11. Nc3 Nd4 12. Bxd4 cxd4 13. Ne2 e5 14. Bc2 f5 15. Ng3 fxe4 16. dxe4 Rc8 17. b3 Nc5 18. b4 Na6 19. a3 Kh8 20. Bd3 Nc7 21. Qd2 Ne6 22. Ne2 Qe7 23. Nh2 Rf7 24. a4 Rcf8 25. a5 Ng5 26. axb6 axb6 27. Ra7 Bh6 28. Qc2 Nxe4 29. Rxb7 Qxb7 30. Bxe4 Qa6 31. Ng4 Bg7 32. Bd5 Ra7 33. b5 Qa3 34. Ng3 Ra4 35. Ne4 Rd8 36. Ng5 Rd7 37. Nf7+ Rxf7 38. Bxf7 d3 39. Qd2 Rb4 40. Rd1 e4 41. Qg5 Qa8 42. Bd5 Qe8 43. Qe3 1-0

[Event "Hannover-ch U18"]
[Site "Lehrte"]
[Date "2016.10.03"]
[Round "5"]
[White "Koepp, Jan"]
[Black "Yang, Markus"]
[Result "0-1"]
[WhiteElo "1611"]
[BlackElo "1483"]
[PlyCount "30"]
[EventDate "2016.10.01"]
[EventType "swiss"]
[EventRounds "7"]
[EventCountry "GER"]
[SourceTitle "EXT 2020"]
[Source "ChessBase"]
[SourceDate "2019.10.17"]
[SourceVersion "1"]
[SourceVersionDate "2019.10.17"]
[SourceQuality "1"]

1. e4 d5 2. exd5 Qxd5 3. Nc3 Qa5 4. d4 c6 5. Nf3 Nf6 6. Bc4 Bg4 7. h3 Bf5 8. Ne5 e6 9. Bd2 Nbd7 10. f4 Qd8 11. g4 Nxe5 12. dxe5 Ne4 13. gxf5 Qh4+ 14. Ke2 Qf2+ 15. Kd3 Nc5# 0-1

[Event "Hannover-ch U18"]
[Site "Lehrte"]
[Date "2016.10.03"]
[Round "6"]
[White "Rausch, Darius"]
[Black "Koepp, Jan"]
[Result "1/2-1/2"]
[WhiteElo "1278"]
[BlackElo "1611"]
[PlyCount "51"]
[EventDate "2016.10.01"]
[EventType "swiss"]
[EventRounds "7"]
[EventCountry "GER"]
[SourceTitle "EXT 2020"]
[Source "ChessBase"]
[SourceDate "2019.10.17"]
[SourceVersion "1"]
[SourceVersionDate "2019.10.17"]
[SourceQuality "1"]

1. e4 c5 2. Nc3 Nc6 3. f4 e6 4. Bb5 Nd4 5. Bc4 a6 6. a4 b6 7. Nf3 Bb7 8. d3 d5 9. Ba2 Nf6 10. e5 Nxf3+ 11. Qxf3 Nd7 12. 0-0 Qc7 13. Bd2 Be7 14. Rae1 0-0-0 15. Qh3 Qc6 16. f5 Rhf8 17. Qxh7 Nxe5 18. Qxg7 Nc4 19. Bg5 Rg8 20. Qxf7 Bxg5 21. Qxe6+ Qxe6 22. Rxe6 Ne3 23. Rf2 Rdf8 24. Rxb6 Ng4 25. Rf3 Be3+ 26. Kh1 1/2-1/2

[Event "Hannover-ch U16/18"]
[Site "Lehrte"]
[Date "2015.11.01"]
[Round "7"]
[White "Koepp, Jan"]
[Black "Heise, Tobias"]
[Result "1/2-1/2"]
[WhiteElo "1573"]
[BlackElo "1676"]
[PlyCount "70"]
[EventDate "2015.10.29"]
[EventType "swiss"]
[EventRounds "7"]
[EventCountry "GER"]
[SourceTitle "EXT 2021"]
[Source "ChessBase"]
[SourceDate "2020.10.23"]
[SourceVersion "1"]
[SourceVersionDate "2020.10.23"]
[SourceQuality "1"]

1. e4 d5 2. exd5 Qxd5 3. Nc3 Qd6 4. Bc4 Nf6 5. Nf3 c6 6. d3 Bg4 7. h3 Bh5 8. 0-0 e6 9. Re1 Nbd7 10. Ne4 Qc7 11. Bg5 Be7 12. a3 Nxe4 13. Bxe7 Nxf2 14. Kxf2 Kxe7 15. Qd2 Bxf3 16. Qg5+ Nf6 17. Kxf3 Qd7 18. Ke2 h6 19. Qg3 Qd6 20. Qe3 Nd5 21. Qe4 f5 22. Qf3 Kf6 23. Bxd5 Qxd5 24. Qxd5 cxd5 25. d4 Rac8 26. Kd3 Rc7 27. Re5 g6 28. Rae1 Rc6 29. c3 g5 30. Ke3 Rb6 31. Kf3 Rc8 32. R1e2 Rcc6 33. g3 Rb3 34. Rd2 Rc8 35. Rde2 Rb6 1/2-1/2

[Event "Hannover-ch U16/18"]
[Site "Lehrte"]
[Date "2015.10.29"]
[Round "2"]
[White "Koepp, Jan"]
[Black "Sejdi, Benjamin"]
[Result "1-0"]
[WhiteElo "1573"]
[BlackElo "838"]
[PlyCount "51"]
[EventDate "2015.10.29"]
[EventType "swiss"]
[EventRounds "7"]
[EventCountry "GER"]
[SourceTitle "EXT 2021"]
[Source "ChessBase"]
[SourceDate "2020.10.23"]
[SourceVersion "1"]
[SourceVersionDate "2020.10.23"]
[SourceQuality "1"]

1. e4 e5 2. Nf3 Nc6 3. Bb5 Bc5 4. Nc3 Nf6 5. d3 d6 6. Bg5 Be6 7. Nd5 Bxd5 8. exd5 h6 9. dxc6 hxg5 10. cxb7+ Nd7 11. bxa8Q Qxa8 12. 0-0 Qb7 13. Ba4 c6 14. Nxg5 f6 15. Ne4 Nb6 16. Bb3 Qc7 17. Nxc5 dxc5 18. Qg4 Nd5 19. Bxd5 cxd5 20. Qe6+ Kf8 21. Qxd5 e4 22. Qa8+ Kf7 23. Qxh8 f5 24. Qh5+ g6 25. Qh7+ Kf6 26. Qxc7 1-0

[Event "Niedersachsen-ch op-B"]
[Site "Verden"]
[Date "2015.01.04"]
[Round "6"]
[White "Rossberg, Justus"]
[Black "Koepp, Jan"]
[Result "0-1"]
[WhiteElo "1335"]
[BlackElo "1581"]
[PlyCount "56"]
[EventDate "2015.01.02"]
[EventType "swiss"]
[EventRounds "7"]
[EventCountry "GER"]
[SourceTitle "EXT 2018"]
[Source "ChessBase"]
[SourceDate "2017.10.13"]
[SourceVersion "1"]
[SourceVersionDate "2017.10.13"]
[SourceQuality "1"]

1. c4 Nf6 2. Nc3 d5 3. cxd5 Nxd5 4. e4 Nb6 5. d4 g6 6. Be3 Bg7 7. Nf3 Bg4 8. Be2 0-0 9. h3 Bxf3 10. Bxf3 Nc4 11. Qd3 Ne5 12. Qe2 Nxf3+ 13. Qxf3 Bxd4 14. Bh6 Bg7 15. Bxg7 Kxg7 16. Rd1 Qe8 17. Nd5 Na6 18. Qc3+ Kg8 19. Nxc7 Nxc7 20. Qxc7 Qb5 21. Qc3 Rfd8 22. f3 Rxd1+ 23. Kxd1 Rd8+ 24. Kc2 Qe2+ 25. Kb3 Rd3 26. Rc1 Rxc3+ 27. Rxc3 Qxg2 28. h4 Qh3 0-1

[Event "Niedersachsen-ch op-B"]
[Site "Verden"]
[Date "2015.01.02"]
[Round "2"]
[White "Moerke, Niklas"]
[Black "Koepp, Jan"]
[Result "0-1"]
[WhiteElo "1444"]
[BlackElo "1581"]
[PlyCount "64"]
[EventDate "2015.01.02"]
[EventType "swiss"]
[EventRounds "7"]
[EventCountry "GER"]
[SourceTitle "EXT 2018"]
[Source "ChessBase"]
[SourceDate "2017.10.13"]
[SourceVersion "1"]
[SourceVersionDate "2017.10.13"]
[SourceQuality "1"]

1. e4 c5 2. Nf3 Nc6 3. d4 cxd4 4. Nxd4 g6 5. Nc3 Bg7 6. Be3 Nf6 7. Bc4 0-0 8. f3 Qb6 9. Bb3 Nxe4 10. Nd5 Qa5+ 11. c3 Nf6 12. Nxc6 dxc6 13. Nxe7+ Kh8 14. Nxc8 Raxc8 15. 0-0 c5 16. c4 Rfe8 17. Bd2 Qc7 18. Re1 Nh5 19. Bc3 Bxc3 20. bxc3 Kg7 21. Rxe8 Rxe8 22. Qd2 Qe5 23. Bc2 Nf4 24. Be4 b6 25. a4 f5 26. g3 Nh3+ 27. Kg2 fxe4 28. Qd7+ Re7 29. Qxh3 exf3+ 30. Kxf3 Qxc3+ 31. Kg2 Qxa1 32. Qh4 Qf6 0-1

[Event "GER-chT U16"]
[Site "Magdeburg"]
[Date "2014.12.30"]
[Round "7.3"]
[White "Koepp, Jan"]
[Black "Leeb, Simon"]
[Result "0-1"]
[WhiteElo "1581"]
[BlackElo "1960"]
[PlyCount "44"]
[EventDate "2014.12.27"]
[EventType "team-swiss"]
[EventRounds "7"]
[EventCountry "GER"]
[SourceTitle "EXT 2016"]
[Source "ChessBase"]
[SourceDate "2015.10.08"]
[SourceVersion "1"]
[SourceVersionDate "2015.10.08"]
[SourceQuality "1"]
[WhiteTeam "Lehrte"]
[BlackTeam "Muenchen Suedost"]
[WhiteTeamCountry "GER"]
[BlackTeamCountry "GER"]

1. e4 c5 2. Nf3 Nc6 3. Nc3 g6 4. d4 cxd4 5. Nxd4 Bg7 6. Be3 d6 7. Bc4 Nf6 8. f3 Qc7 9. Qd2 Nxd4 10. Bxd4 Qxc4 11. 0-0-0 Be6 12. Kb1 0-0 13. g4 Rac8 14. h4 h5 15. gxh5 Nxh5 16. Bxg7 Kxg7 17. f4 Nf6 18. Rde1 d5 19. f5 d4 20. Nd5 Nxe4 21. Rxe4 Bxd5 22. b3 Qxc2+ 0-1

[Event "GER-chT U16"]
[Site "Magdeburg"]
[Date "2014.12.28"]
[Round "4.3"]
[White "Fege, Julian"]
[Black "Koepp, Jan"]
[Result "0-1"]
[WhiteElo "1567"]
[BlackElo "1581"]
[PlyCount "76"]
[EventDate "2014.12.27"]
[EventType "team-swiss"]
[EventRounds "7"]
[EventCountry "GER"]
[SourceTitle "EXT 2016"]
[Source "ChessBase"]
[SourceDate "2015.10.08"]
[SourceVersion "1"]
[SourceVersionDate "2015.10.08"]
[SourceQuality "1"]
[WhiteTeam "Weissensee Chemie"]
[BlackTeam "Lehrte"]
[WhiteTeamCountry "GER"]
[BlackTeamCountry "GER"]

1. e4 c5 2. Nc3 Nc6 3. d3 d6 4. g3 g6 5. Bg2 Bg7 6. f4 Nf6 7. Nf3 Bg4 8. 0-0 Nd4 9. Kh1 e6 10. Ne2 Bxf3 11. Bxf3 Nxf3 12. Rxf3 Qc7 13. Nc3 a6 14. Qf1 0-0-0 15. Rb1 h5 16. Ne2 h4 17. Be3 Ng4 18. Bg1 f5 19. b4 b6 20. bxc5 bxc5 21. exf5 gxf5 22. d4 c4 23. Ra3 Qc6+ 24. Qf3 d5 25. Ra5 Bf8 26. Qc3 hxg3 27. Nxg3 Rd7 28. Qb2 Rb7 29. Qxb7+ Qxb7 30. Rxb7 Kxb7 31. Nxf5 Bb4 32. Ra4 a5 33. Rxb4+ axb4 34. Ng3 Ra8 35. Nf1 Rxa2 36. h3 Nf6 37. Ne3 b3 38. cxb3 cxb3 0-1

[Event "Hannover-ch U16"]
[Site "Lehrte"]
[Date "2014.10.25"]
[Round "2"]
[White "Kiesel, Lucas"]
[Black "Koepp, Jan"]
[Result "1/2-1/2"]
[WhiteElo "1585"]
[BlackElo "1561"]
[PlyCount "90"]
[EventDate "2014.10.25"]
[EventType "swiss"]
[EventRounds "7"]
[EventCountry "GER"]
[SourceTitle "EXT 2021"]
[Source "ChessBase"]
[SourceDate "2020.10.23"]
[SourceVersion "1"]
[SourceVersionDate "2020.10.23"]
[SourceQuality "1"]

1. Nf3 d5 2. g3 c5 3. Bg2 Nc6 4. d4 cxd4 5. Nxd4 e5 6. Nxc6 bxc6 7. 0-0 Nf6 8. c4 Be7 9. Bg5 Bb7 10. cxd5 cxd5 11. Nc3 e4 12. Qa4+ Qd7 13. Qxd7+ Nxd7 14. Bxe7 Kxe7 15. Rfd1 Nb6 16. f3 f5 17. Rac1 Rac8 18. Bh3 g6 19. Rd4 h5 20. Bg2 Ke6 21. fxe4 Ke5 22. Rb4 fxe4 23. a4 Rc4 24. Rxc4 Nxc4 25. b3 Ne3 26. Nb5 a6 27. Rc7 axb5 28. Rxb7 bxa4 29. bxa4 Ra8 30. Rb4 Nxg2 31. Kxg2 Ra6 32. Kf2 d4 33. Rb5+ Kd6 34. a5 Kc7 35. e3 Rf6+ 36. Ke1 dxe3 37. Ke2 Rf2+ 38. Kxe3 Rxh2 39. Kxe4 Ra2 40. Rg5 Ra4+ 41. Ke5 Rxa5+ 42. Kf6 Ra6+ 43. Kg7 h4 44. gxh4 Ra4 45. Kxg6 Rxh4 1/2-1/2

[Event "Niedersachsen-ch op-B"]
[Site "Verden"]
[Date "2014.01.04"]
[Round "6"]
[White "Koepp, Jan"]
[Black "Eschholz, Dario"]
[Result "1-0"]
[WhiteElo "1420"]
[BlackElo "1575"]
[PlyCount "83"]
[EventDate "2014.01.02"]
[EventType "swiss"]
[EventRounds "7"]
[EventCountry "GER"]
[SourceTitle "EXT 2016"]
[Source "ChessBase"]
[SourceDate "2015.10.08"]
[SourceVersion "1"]
[SourceVersionDate "2015.10.08"]
[SourceQuality "1"]

1. f4 e5 2. fxe5 d6 3. exd6 Bxd6 4. Nf3 g5 5. c3 g4 6. Qa4+ Nc6 7. Nd4 Qh4+ 8. Kd1 g3 9. h3 Bd7 10. e3 Nxd4 11. Qxd4 Qf6 12. Qe4+ Ne7 13. Qxb7 Bc6 14. Bb5 0-0 15. Bxc6 Rab8 16. Qa6 Rb6 17. Qf1 Qxf1+ 18. Rxf1 Nxc6 19. b3 f5 20. Ba3 Bxa3 21. Nxa3 Ne7 22. Rf3 Rg6 23. Kc2 h5 24. Raf1 h4 25. e4 Rgf6 26. Rf4 Ng6 27. Rxf5 Rxf5 28. exf5 Ne7 29. f6 Nd5 30. c4 Rxf6 31. Rxf6 Nxf6 32. Kd3 Kf7 33. Nb5 Nh5 34. Ke3 Ke6 35. Nxc7+ Ke5 36. Nd5 Ng7 37. d4+ Ke6 38. Kf4 Nf5 39. Ke4 Nd6+ 40. Kf4 Nf5 41. Kg4 Nxd4 42. Kxh4 1-0

[Event "GER-chT North U14"]
[Site "Magdeburg"]
[Date "2013.09.14"]
[Round "6.2"]
[White "Koepp, Jan"]
[Black "Kose, Robert Paul"]
[Result "1-0"]
[WhiteElo "1431"]
[BlackElo "1142"]
[PlyCount "71"]
[EventDate "2013.09.12"]
[EventType "team-swiss"]
[EventRounds "7"]
[EventCountry "GER"]
[SourceTitle "EXT 2014"]
[Source "ChessBase"]
[SourceDate "2013.11.20"]
[SourceVersion "1"]
[SourceVersionDate "2013.11.20"]
[SourceQuality "1"]
[WhiteTeam "Lehrte"]
[BlackTeam "Werder Bremen"]
[WhiteTeamCountry "GER"]
[BlackTeamCountry "GER"]

1. d4 d5 2. c4 c6 3. Nc3 Nf6 4. e3 Bf5 5. cxd5 cxd5 6. Qb3 Qd7 7. Nf3 e6 8. Bb5 Nc6 9. Ne5 Qc7 10. Qa4 Rc8 11. Qxa7 Bd6 12. Bxc6+ bxc6 13. Qxc7 Rxc7 14. Nf3 0-0 15. 0-0 c5 16. Nb5 Rd7 17. Nxd6 Rxd6 18. dxc5 Rc6 19. b4 Rb8 20. a3 Nd7 21. Nd4 Rc7 22. Nxf5 exf5 23. Rd1 Nf6 24. Bb2 Rc6 25. Bxf6 Rxf6 26. Rxd5 Kf8 27. Rd4 Ke7 28. a4 Rc6 29. g3 g6 30. Rc1 Rcc8 31. b5 Rd8 32. Rcd1 Rxd4 33. Rxd4 h6 34. b6 Rb7 35. a5 Rd7 36. a6 1-0

[Event "GER-chT North U14"]
[Site "Magdeburg"]
[Date "2013.09.14"]
[Round "5.2"]
[White "Neander, Lenard"]
[Black "Koepp, Jan"]
[Result "1-0"]
[WhiteElo "1412"]
[BlackElo "1431"]
[PlyCount "51"]
[EventDate "2013.09.12"]
[EventType "team-swiss"]
[EventRounds "7"]
[EventCountry "GER"]
[SourceTitle "EXT 2014"]
[Source "ChessBase"]
[SourceDate "2013.11.20"]
[SourceVersion "1"]
[SourceVersionDate "2013.11.20"]
[SourceQuality "1"]
[WhiteTeam "Hamburg Eppendorf"]
[BlackTeam "Lehrte"]
[WhiteTeamCountry "GER"]
[BlackTeamCountry "GER"]

1. e4 e6 2. d4 d5 3. Nd2 Nf6 4. e5 Nfd7 5. Bd3 c5 6. c3 Nc6 7. Ne2 Qb6 8. Nf3 cxd4 9. cxd4 f6 10. exf6 Nxf6 11. 0-0 Be7 12. Re1 Bd7 13. Nf4 Nd8 14. Ne5 Bc8 15. Qa4+ Kf8 16. Neg6+ hxg6 17. Nxg6+ Kg8 18. Nxe7+ Kf7 19. Ng6 Rg8 20. Ne5+ Ke7 21. Qa3+ Qd6 22. Qxd6+ Kxd6 23. Bf4 Ke7 24. Rac1 b6 25. Rc7+ Ke8 26. Bb5+ 1-0

[Event "GER-chT North U14"]
[Site "Magdeburg"]
[Date "2013.09.13"]
[Round "4.2"]
[White "Koepp, Jan"]
[Black "Fabiunke, Jakob"]
[Result "1/2-1/2"]
[WhiteElo "1431"]
[BlackElo "1523"]
[PlyCount "76"]
[EventDate "2013.09.12"]
[EventType "team-swiss"]
[EventRounds "7"]
[EventCountry "GER"]
[SourceTitle "EXT 2014"]
[Source "ChessBase"]
[SourceDate "2013.11.20"]
[SourceVersion "1"]
[SourceVersionDate "2013.11.20"]
[SourceQuality "1"]
[WhiteTeam "Lehrte"]
[BlackTeam "Weissensee Chemie"]
[WhiteTeamCountry "GER"]
[BlackTeamCountry "GER"]

1. f4 Nf6 2. Nf3 d5 3. e3 Bf5 4. b3 g6 5. Bb2 Bg7 6. g3 0-0 7. Bg2 Nc6 8. 0-0 Re8 9. d3 Bg4 10. Qe1 Qd7 11. Ne5 Nxe5 12. fxe5 Nh5 13. Nd2 f6 14. exf6 Nxf6 15. Nf3 Bxf3 16. Bxf3 c6 17. e4 dxe4 18. Bxe4 Nxe4 19. Bxg7 Kxg7 20. Qxe4 Qd5 21. Qc4 e6 22. Rf2 Re7 23. Raf1 Rae8 24. Qh4 e5 25. Qc4 Qd4 26. Qxd4 exd4 27. Rf4 c5 28. b4 b6 29. bxc5 bxc5 30. Rb1 Re1+ 31. Rxe1 Rxe1+ 32. Rf1 Rxf1+ 33. Kxf1 Kf6 34. Ke2 Ke5 35. Kd2 Kf5 36. h3 h5 37. Ke2 g5 38. Kf3 h4 1/2-1/2

[Event "Niedersachsen-ch op-C"]
[Site "Verden"]
[Date "2013.01.06"]
[Round "7"]
[White "Schulze, Lara"]
[Black "Koepp, Jan"]
[Result "1/2-1/2"]
[WhiteElo "1411"]
[BlackElo "1247"]
[PlyCount "136"]
[EventDate "2013.01.03"]
[EventType "swiss"]
[EventRounds "7"]
[EventCountry "GER"]
[SourceTitle "EXT 2021"]
[Source "ChessBase"]
[SourceDate "2020.10.23"]
[SourceVersion "1"]
[SourceVersionDate "2020.10.23"]
[SourceQuality "1"]

1. c4 e6 2. Nc3 d5 3. d4 Nf6 4. Bg5 Nbd7 5. a3 c6 6. e3 g6 7. Nf3 Bg7 8. Ne5 Qc7 9. Nf3 0-0 10. Bd3 Rd8 11. 0-0 dxc4 12. Bxc4 e5 13. Qb3 Rf8 14. Rfd1 exd4 15. Nxd4 Nc5 16. Qc2 Re8 17. b4 Nce4 18. Bf4 Qe7 19. Rac1 Nxc3 20. Qxc3 Nh5 21. Bg3 Bg4 22. Rd2 Nxg3 23. hxg3 Be6 24. Qc2 Bxc4 25. Qxc4 Red8 26. Rcd1 Bxd4 27. Rxd4 Rxd4 28. Rxd4 Rd8 29. Qd3 Rxd4 30. Qxd4 b6 31. Kh2 h6 32. Kg1 c5 33. bxc5 Qxc5 34. Qxc5 bxc5 35. Kf1 f5 36. Ke2 Kf7 37. Kd3 Ke6 38. Kc4 Kd6 39. a4 Kc6 40. Kd3 Kd5 41. f3 c4+ 42. Kc3 h5 43. Kb4 a5+ 44. Kc3 g5 45. Kd2 g4 46. Kc3 Kc5 47. e4 fxe4 48. fxe4 Kd6 49. Kxc4 Ke5 50. Kb5 Kxe4 51. Kxa5 Ke3 52. Kb5 Kf2 53. a5 Kxg2 54. a6 Kxg3 55. a7 h4 56. a8Q Kh2 57. Qa2+ Kh3 58. Qb3+ g3 59. Qe6+ Kh2 60. Qe2+ g2 61. Kc4 h3 62. Kd3 Kh1 63. Qf3 Kh2 64. Qe2 Kh1 65. Qf3 Kh2 66. Qf2 Kh1 67. Qf3 Kh2 68. Qf2 Kh1 1/2-1/2

[Event "Niedersachsen-ch op-C"]
[Site "Verden"]
[Date "2013.01.03"]
[Round "1"]
[White "Schmugge, Jens"]
[Black "Koepp, Jan"]
[Result "1-0"]
[WhiteElo "1651"]
[BlackElo "1247"]
[PlyCount "37"]
[EventDate "2013.01.03"]
[EventType "swiss"]
[EventRounds "7"]
[EventCountry "GER"]
[SourceTitle "EXT 2021"]
[Source "ChessBase"]
[SourceDate "2020.10.23"]
[SourceVersion "1"]
[SourceVersionDate "2020.10.23"]
[SourceQuality "1"]

1. e4 e6 2. d4 d5 3. exd5 exd5 4. Nf3 Bg4 5. h3 Bh5 6. Qe2+ Qe7 7. g4 Bg6 8. Nc3 c6 9. Ne5 Bxc2 10. Qxc2 f6 11. Nxd5 Qd8 12. Nxf6+ Qxf6 13. Bg2 Qe7 14. Qb3 Qb4+ 15. Bd2 Qxb3 16. axb3 Nd7 17. 0-0 Ndf6 18. Rfe1 Kd8 19. Nf7+ 1-0

[Event "Hannover-ch U14"]
[Site "Lehrte"]
[Date "2011.10.18"]
[Round "7"]
[White "Koepp, Jan"]
[Black "Goehner, Stephan"]
[Result "1-0"]
[WhiteElo "987"]
[BlackElo "1122"]
[PlyCount "91"]
[EventDate "2011.10.15"]
[EventType "swiss"]
[EventRounds "7"]
[EventCountry "GER"]
[SourceTitle "EXT 2021"]
[Source "ChessBase"]
[SourceDate "2020.10.23"]
[SourceVersion "1"]
[SourceVersionDate "2020.10.23"]
[SourceQuality "1"]

1. Nf3 c6 2. d4 d5 3. e3 Nf6 4. c4 e6 5. Bd3 Be7 6. Nc3 0-0 7. e4 dxe4 8. Nxe4 Nxe4 9. Bxe4 Nd7 10. b3 Nf6 11. Bc2 c5 12. Bb2 Bd7 13. Qd3 Bc6 14. d5 exd5 15. Bxf6 g6 16. Bxe7 Qxe7+ 17. Qe2 Qxe2+ 18. Kxe2 dxc4 19. bxc4 Rfe8+ 20. Kf1 Bxf3 21. gxf3 Rad8 22. Kg2 Rd2 23. Bb3 Ree2 24. Rhf1 f5 25. Rae1 Rxe1 26. Rxe1 Kf7 27. Re5 b6 28. Rd5 Rxd5 29. cxd5 Ke7 30. Kg3 g5 31. f4 h6 32. fxg5 hxg5 33. f4 gxf4+ 34. Kxf4 b5 35. Kxf5 Kd6 36. Kf6 c4 37. Bc2 Kxd5 38. h4 Kd4 39. h5 Kc3 40. Bf5 Kb2 41. h6 b4 42. h7 Kxa2 43. h8Q a5 44. Qg8 a4 45. Qxc4+ Ka3 46. Bd7 1-0